| 000 | 00813cab a2200217 4500 | ||
|---|---|---|---|
| 001 | WB3016-42 | ||
| 008 | 090401t1994 xxu||||| |||| 00| 0 eng d | ||
| 035 | _a(Sirsi) u37100 | ||
| 041 | _aeng | ||
| 245 | _aHelp for homeowners | ||
| 260 | _c1994 | ||
| 350 | _a0 | ||
| 490 |
_aRICS Press Release _v(PR66/94inf) 17 April 1994 (4) |
||
| 520 | _aHomeowners who unwittingly buy homes on severely contaminated land (ie land subsequently requiring treatment) should be entitled to claim from a compensation fund according to the RICS responding to DoE proposals on contaminated land. Such a fund should be created by a small levy on all house transactions. | ||
| 650 | _aCONTAMINATED LAND | ||
| 650 | _aPAYING FOR OUR PAST | ||
| 650 | _aRICS RESPONSE | ||
| 690 | _aLAND | ||
| 942 | _n0 | ||
| 948 | _c04/03/1997 | ||
| 999 |
_c24005 _d24005 |
||